| 000 | 02506nam a2200385 i 4500 | ||
|---|---|---|---|
| 003 | DO-SdBNP | ||
| 005 | 20260417110819.0 | ||
| 007 | ta | ||
| 008 | 210615b 2018 dr 00| 0 eng d | ||
| 020 | _a9789945168600 | ||
| 040 |
_aDO-SdBNP _bspa _cBNPHU _erda |
||
| 041 | _aspa | ||
| 082 | 4 |
_a327.7293 _bM828d 2018 _222 |
|
| 100 | 1 |
_aMorales Lama, Manuel, _eautor _4aut. _92998 |
|
| 245 | 1 | 0 |
_aDiplomacia contemporánea : _bteoría y práctica para el ejercicio profesional / _cManuel Morales Lama ; prólogo, D. Ricardo Koeing. |
| 250 | _adecima segunda edición | ||
| 264 | 1 |
_aSanto Domingo : _bMorales & Vicens ; _c2018. |
|
| 300 |
_axxxiii, 579 páginas : _bilustraciones ; _c24 cm. |
||
| 336 |
_atexto _btxt _2rdacontent |
||
| 337 |
_asin mediación _bn _2rdamediación |
||
| 338 |
_avolumen _bnc _2rdacarrier |
||
| 500 | _aIncluye índice análítico | ||
| 500 | _aIncluye referencias bibliográficas y notas al pie de las páginas | ||
| 504 | _aBibliografía : páginas 547-562 | ||
| 505 | 0 | _aConceptos básicos -- Orígenes y evolución de la diplomacia -- Ejecutores centrales de la política exterior de los Estados -- El servicio exterior -- La misión diplomática permanente -- La función diplomática -- La concertación de tratados -- Estilística diplomática -- Ceremonial y protocolo -- La nueva realidad diplomática -- Glosario de locuciones y término latinos y franceses -- Normas protocolares y de etiqueta social -- Relación de las condecoraciones en los diversos países del mundo -- Aspecto prácticos de la correspondencia diplomática -- Planos sobre el uso de la bandera -- Planos de aplicación de la precedencia -- La protección diplomática: su validez y alcance en el escenario internacional contempóneo -- Convención de Viena sobre relaciones diplomáticas -- Convención de Viena sobre relaciones consulares -- Carta de derechos y deberes económicos de los Estados -- Ley Orgánica del ministerio de relaciones exteriores y del servicio exterior de la República Dominicana -- Ley sobre funciones públicas de los cónsules dominicanos. | |
| 586 | _aPremio Nacional de Didáctica. | ||
| 590 | _aInventariado, 2021 /LP | ||
| 650 | 4 |
_aDiplomacia _9398 |
|
| 650 | 4 |
_aDocumentos consulares _96528 |
|
| 651 | 4 |
_aRepública Dominicana _xServicio diplomático y consular _93000 |
|
| 651 | 4 |
_aRepública Dominicana _xRelaciones exteriores _92258 |
|
| 700 | 1 |
_aKoeing, D. Ricardo, _eprologuista _917212 |
|
| 910 | _aValidado. Control de calidad MFF | ||
| 942 |
_2ddc _cLBS1 |
||
| 999 |
_c49919 _d49919 |
||